00431 2200157 4500001002100000008004100021035002000062245005200082100002900134260003200163300002200195020002200217084001400239082000800253990001200261INLIS000000000002749 IND  a0010-0925000096 aCinta Tak Pernah UsaicNuniek K.R & Akbar Zidny aNuniek K.R & Akbar Zidny aJakartabRumah Oranyec2014 a192c(13 x 19 cm) a978-602-1588-75-8 a813 NUN c a813 a0754971